| 000 | 00470nam a2200181Ia 4500 | ||
|---|---|---|---|
| 008 | 240925s9999 xx 000 0 und d | ||
| 020 | _a9789693710328 | ||
| 082 | _a891.159 RAN | ||
| 100 | _aRanjha, Sajawal Khan | ||
| 245 | 0 | _aKhud Shanashi | |
| 250 | _aNA | ||
| 260 |
_aKarachi: _bNational Book Foundation _c,2017. |
||
| 300 |
_a184p. _b0 _fOriginal |
||
| 500 | _aIncludes Content | ||
| 600 | _aHumanities & Natural Science | ||
| 650 | _aLiterature | ||
| 942 | _cBK | ||
| 999 |
_c14273 _d14273 |
||